header

Game character development (Record no. 35801)

MARC details
000 -LEADER
fixed length control field 01170nam a2200325Ia 4500
082 04 - DEWEY DECIMAL CLASSIFICATION NUMBER
Classification number 006.696
100 1# - MAIN ENTRY--AUTHOR NAME
Personal name Ward, Antony.
245 10 - TITLE STATEMENT
Title Game character development
260 ## - PUBLICATION, DISTRIBUTION, ETC. (IMPRINT)
Place of publication Boston, MA :
Name of publisher Course Technology,
Year of publication c2008.
300 ## - PHYSICAL DESCRIPTION
Number of Pages x, 213 p. :
Other physical details ill. (some col.)
500 ## - GENERAL NOTE
General note Includes index.
650 #0 - SUBJECT ADDED ENTRY--TOPICAL TERM
Topical Term Computer animation.
Topical Term Three-dimensional display systems.
856 40 - ELECTRONIC LOCATION AND ACCESS
Uniform Resource Identifier http://site.ebrary.com/lib/rucke/Doc?id=10251033

No items available.

© 2026 Rongo University
Contact us: librarian | system librarian | Rongo university